000
00347nam a2200157Ia 4500
100
_a
bagha/Arshdeep/ Madisetti/Vijay
650
_a
IOT
942
_c
BK
366
_f
20
654
_a
IOT
245
_a
Internet of things: Hands on approach
260
_b
Universities Press
_c
2014
082
_a
4.65
_b
BAG
300
_a
520
546
_a
ENGLISH
999
_c
19171
_d
19171